|
|
|
|
| LEADER |
00000naa2a2200000 4500 |
| 001 |
542351 |
| 005 |
20260203142305.0 |
| 035 |
|
|
|a (RuTPU)RU\TPU\prd\232804
|
| 090 |
|
|
|a 542351
|
| 100 |
|
|
|a 20150310d2004 k||y0rusy50 ca
|
| 101 |
0 |
|
|a rus
|
| 102 |
|
|
|a RU
|
| 200 |
1 |
|
|a Третий S11-резонанс в реакции γp → ηp
|f В. А. Трясучев
|
| 320 |
|
|
|a Библиогр.: с. 448 (13 назв.)
|
| 461 |
|
0 |
|0 (RuTPU)RU\TPU\prd\397
|t Ядерная физика
|f Российская академия наук
|d 1965-
|
| 463 |
|
0 |
|0 (RuTPU)RU\TPU\prd\78122
|t Т. 67, № 2
|v С. 446-448
|d 2004
|
| 610 |
1 |
|
|a труды учёных ТПУ
|
| 700 |
|
1 |
|a Трясучев
|b В. А.
|c российский физик
|c профессор Томского политехнического университета, доктор физико-математических наук
|f 1947-
|g Владимир Андреевич
|3 (RuTPU)RU\TPU\pers\22015
|
| 801 |
|
1 |
|a RU
|b 63413507
|c 20150310
|
| 942 |
|
|
|c BK
|